<?xml version="1.0" encoding="UTF-8"?>
<collection xmlns="http://www.loc.gov/MARC21/slim">
  <record>
    <leader>00000nam  2200000   4500</leader>
    <controlfield tag="001">INLIS000000000810203</controlfield>
    <controlfield tag="005">20260615014808</controlfield>
    <datafield tag="035" ind1="#" ind2="#">
      <subfield code="a">0010-1125000057</subfield>
    </datafield>
    <datafield tag="245" ind1="1" ind2="#">
      <subfield code="a">Fathul Mubdi' Syarh Mukhtashar az-Zubaidi</subfield>
    </datafield>
    <datafield tag="300" ind1="#" ind2="#">
      <subfield code=";"/>
      <subfield code="c">xx, 400 hlm. ; 24 cm</subfield>
    </datafield>
    <datafield tag="260" ind1="#" ind2="#">
      <subfield code="a">Mesir : :</subfield>
      <subfield code="b">Syirkah al-Qudsi</subfield>
    </datafield>
    <datafield tag="082" ind1="#" ind2="#">
      <subfield code="a">R 297.124</subfield>
    </datafield>
    <datafield tag="084" ind1="#" ind2="#">
      <subfield code="a">R 297.124 ABD f</subfield>
    </datafield>
    <controlfield tag="008">260615################g##########0#ara##</controlfield>
    <datafield tag="520" ind1="#" ind2="#">
      <subfield code="a">fikih mazhab Syafi‘i</subfield>
    </datafield>
    <datafield tag="100" ind1=" " ind2="#">
      <subfield code="a">Abdullah bin Hijazi bin Asy-Syarqawi</subfield>
    </datafield>
    <datafield tag="990" ind1="#" ind2="#">
      <subfield code="a">00000004687</subfield>
    </datafield>
    <datafield tag="990" ind1="#" ind2="#">
      <subfield code="a">00000004688</subfield>
    </datafield>
    <datafield tag="990" ind1="#" ind2="#">
      <subfield code="a">00000004689</subfield>
    </datafield>
    <datafield tag="990" ind1="#" ind2="#">
      <subfield code="a">00000004690</subfield>
    </datafield>
  </record>
</collection>
